000 01727nam a2200277 a 4500
001 000000717
003 DO-SdBNP
005 20250701132841.0
008 090429s2008 dr abcd 000 0 spa d
040 _aDO-SdBNP
_bspa
_cBNPHU
082 4 _a338.9729362
_bP699e
_222
245 0 0 _aPlan estratégico de desarrollo de la provincia Espaillat /
_credacción general Gabriel Guzmán Marcelino.
260 _aMoca, República Dominicana :
_bPEDEPE,
_c2008.
300 _a333 p. :
_bil., gráf., mapa., retrs. ;
_c28 cm.
505 1 _tPresentación --
_tResumen ejecutivo --
_tMarco teórico --
_tEntorno general en el que se formula el presente plan --
_tDiagnóstico general de la provincia Espaillat --
_tDiagnóstico de cada una de las áreas incluidas en el PEDEPE: situación al 2008 y análisis FODA --
_tVisión al 2018: los sueños de los habitantes de la provincia Espaillat --
_tProgramas, proyectos y actividades recomendados para los próximos 10 años --
_tAnexos --
_tEl plan estratégico de desarrollo de la provincia Espaillat (PEDEPE) --
_tBibliografía.
650 4 _aPlanificación estratégica
_92433
650 0 _aDesarrollo económico
_985548
650 4 _aPlanificación regional
_zEspaillat (República Dominicana)
_92435
651 4 _aEspaillat (República Dominicana)
_xHistoria local
_92436
651 4 _aEspaillat (República Dominicana)
_xCondiciones económicas
_92437
651 4 _aEspaillat (República Dominicana)
_xCondiciones sociales
_92438
651 4 _aEspaillat (República Dominicana)
_xPolítica económica
_92439
651 4 _aEspaillat (República Dominicana)
_xPolítica social
_92440
710 1 _aConsejo de Plan Estratégico de Desarrollo de la Provincia Espaillat PEDEPE
_92441
942 _2ddc
_cLBS1
999 _c713
_d713